Library Banner

Kaifa takun khateeba(کیف تکون خطیبا) (Record no. 101677)

MARC details
000 -LEADER
fixed length control field 00411nam a22001457a 4500
005 - DATE AND TIME OF LATEST TRANSACTION
control field 20180115152254.0
008 - FIXED-LENGTH DATA ELEMENTS--GENERAL INFORMATION
fixed length control field 180115b xxu||||| |||| 00| 0 eng d
040 ## - CATALOGING SOURCE
Transcribing agency PK-LaUMT
082 ## - DEWEY DECIMAL CLASSIFICATION NUMBER
Classification number PKAC 297.74
Item number ABD-K
100 ## - MAIN ENTRY--PERSONAL NAME
Personal name Abdul Rehman Khaleef
245 ## - TITLE STATEMENT
Title Kaifa takun khateeba(کیف تکون خطیبا)
Statement of responsibility, etc Abdul Rehman Khaleef
260 ## - PUBLICATION, DISTRIBUTION, ETC. (IMPRINT)
Place of publication, distribution, etc مکۃ المکرمۃ:
Name of publisher, distributor, etc [ ]
Date of publication, distribution, etc [ ]
300 ## - PHYSICAL DESCRIPTION
Extent 188
942 ## - ADDED ENTRY ELEMENTS (KOHA)
Koha item type Books
Holdings
Withdrawn status Lost status Damaged status Home library Current library Date acquired Full call number Barcode Date last seen Price effective from Koha item type
      UMT Main Campus UMT Main Campus 2018-01-15 PKAC 297.74 ABD-K 117573 2018-01-15 2018-01-15 Books